[Event "SWE-ch U20"]
[Site "Stockholm"]
[Date "2017.07.09"]
[Round "2"]
[White "Grueso Cordoba, Santiago"]
[Black "Rydstrom, Tom"]
[Result "0-1"]
[WhiteElo "2108"]
[BlackElo "2322"]
[PlyCount "52"]
[EventDate "2017.07.08"]
[EventType "swiss"]
[EventRounds "9"]
[EventCountry "SWE"]
[SourceTitle "EXT 2018"]
[Source "ChessBase"]
[SourceDate "2017.10.13"]
[SourceVersion "1"]
[SourceVersionDate "2017.10.13"]
[SourceQuality "1"]
1. e4 c5 2. Nf3 e6 3. d4 cxd4 4. Nxd4 a6 5. Bd3 Ne7 6. O-O Nec6 7. Nb3 Be7 8.
Nc3 b5 9. Be3 d6 10. f4 Nd7 11. Qf3 Bb7 12. Rad1 Rc8 13. e5 d5 14. Qh3 g6 15.
f5 gxf5 16. Nxd5 Ncxe5 17. Nf4 Qc7 18. Nd4 Rg8 19. Rd2 Nf6 20. Nfxe6 fxe6 21.
Nxe6 Qa5 22. Bxf5 Nc4 23. Rdf2 Nxe3 24. Qxe3 Rc4 25. Qe5 Qb6 26. Bxh7 Rxg2+ 0-1

[Event "SWE-ch U20"]
[Site "Stockholm"]
[Date "2017.07.09"]
[Round "2"]
[White "Berglind, Axel"]
[Black "Kucuksari, Kaan"]
[Result "1-0"]
[WhiteElo "2150"]
[BlackElo "2301"]
[PlyCount "105"]
[EventDate "2017.07.08"]
[EventType "swiss"]
[EventRounds "9"]
[EventCountry "SWE"]
[SourceTitle "EXT 2018"]
[Source "ChessBase"]
[SourceDate "2017.10.13"]
[SourceVersion "1"]
[SourceVersionDate "2017.10.13"]
[SourceQuality "1"]
1. d4 d5 2. Nf3 Nf6 3. g3 e6 4. Bg2 Bd6 5. O-O O-O 6. c4 c6 7. Qc2 Nbd7 8. Nbd2
Re8 9. b3 e5 10. cxd5 cxd5 11. dxe5 Nxe5 12. Bb2 Bg4 13. Bxe5 Bxe5 14. Nxe5
Rxe5 15. Nf3 Re7 16. Rfd1 Rc8 17. Qb2 Qa5 18. Rd4 Rec7 19. Ne1 Qc3 20. Qxc3
Rxc3 21. Bxd5 Rc1 22. Rxc1 Rxc1 23. f3 Rxe1+ 24. Kf2 Ra1 25. fxg4 h5 26. gxh5
Nxd5 27. Rxd5 Rxa2 28. Rd8+ Kh7 29. Rd7 b5 30. Rxf7 a5 31. g4 Ra3 32. Ra7 a4
33. g5 Rxb3 34. h6 a3 35. Rxg7+ Kh8 36. Rb7 Rh3 37. Rxb5 Rxh2+ 38. Kf3 Rh1 39.
Ra5 Kh7 40. Kf4 Rf1+ 41. Ke5 Kg6 42. Rxa3 Rf5+ 43. Ke6 Rxg5 44. Rh3 Kh7 45. e4
Rg1 46. e5 Re1 47. Kf6 Rf1+ 48. Ke7 Ra1 49. e6 Re1 50. Rh5 Re2 51. Kd6 Rd2+ 52.
Rd5 Re2 53. e7 1-0

[Event "SWE-ch U20"]
[Site "Stockholm"]
[Date "2017.07.09"]
[Round "2"]
[White "Sorensen, Hampus"]
[Black "Bit Narva, David"]
[Result "0-1"]
[WhiteElo "2137"]
[BlackElo "2140"]
[PlyCount "102"]
[EventDate "2017.07.08"]
[EventType "swiss"]
[EventRounds "9"]
[EventCountry "SWE"]
[SourceTitle "EXT 2018"]
[Source "ChessBase"]
[SourceDate "2017.10.13"]
[SourceVersion "1"]
[SourceVersionDate "2017.10.13"]
[SourceQuality "1"]
1. d4 Nf6 2. c4 e6 3. Nf3 b6 4. a3 c5 5. d5 Ba6 6. Qc2 exd5 7. cxd5 g6 8. e4
Bxf1 9. Kxf1 d6 10. Nc3 Bg7 11. Qa4+ Qd7 12. Qxd7+ Nbxd7 13. Bf4 Ke7 14. g3 Ng4
15. Kg2 Nge5 16. Bxe5 Nxe5 17. Nxe5 Bxe5 18. f4 Bg7 19. Rhe1 Kd7 20. Re2 b5 21.
e5 Rhe8 22. Rae1 a6 23. g4 Re7 24. e6+ fxe6 25. dxe6+ Kc6 26. f5 gxf5 27. gxf5
d5 28. Rf1 Bf6 29. Kh1 Rf8 30. Nd1 d4 31. Nf2 c4 32. Ng4 d3 33. Rd2 Kd5 34.
Ne3+ Ke4 35. Ng4 Bg5 36. Rdf2 h5 37. f6 Rxe6 38. Re1+ Kd5 39. Rf5+ Kd6 40. Rd1
hxg4 41. Rxg5 Rexf6 42. Rxg4 Rf1+ 43. Rg1 Rxd1 44. Rxd1 Ke5 45. Kg2 Ke4 46.
Re1+ Kd4 47. Rd1 Ke3 48. Re1+ Kd2 49. Re6 Kc2 50. h4 d2 51. Re2 Kc1 0-1

[Event "SWE-ch U20"]
[Site "Stockholm"]
[Date "2017.07.08"]
[Round "1"]
[White "Bit Narva, David"]
[Black "Berglind, Axel"]
[Result "0-1"]
[WhiteElo "2140"]
[BlackElo "2150"]
[PlyCount "93"]
[EventDate "2017.07.08"]
[EventType "swiss"]
[EventRounds "9"]
[EventCountry "SWE"]
[SourceTitle "EXT 2018"]
[Source "ChessBase"]
[SourceDate "2017.10.13"]
[SourceVersion "1"]
[SourceVersionDate "2017.10.13"]
[SourceQuality "1"]
1. e4 c5 2. Nf3 d6 3. d4 cxd4 4. Nxd4 Nf6 5. Nc3 a6 6. Nb3 e5 7. Bg5 Be6 8. f4
exf4 9. Qd2 Nc6 10. O-O-O Be7 11. Bxf4 Ne5 12. Nd4 Rc8 13. Nf5 Bxf5 14. exf5
O-O 15. g4 Qa5 16. g5 Nh5 17. Nd5 Qxd2+ 18. Bxd2 Bd8 19. Be2 g6 20. f6 Re8 21.
Bb4 Rc6 22. Bxh5 gxh5 23. Rhe1 a5 24. Bc3 Kf8 25. Nf4 h6 26. Nxh5 hxg5 27. Rg1
Bb6 28. Rge1 Nf3 29. Rxe8+ Kxe8 30. Ng7+ Kd7 31. Nf5 Ke6 32. Ng7+ Kd7 33. Nf5
Ke6 34. Ng3 Be3+ 35. Kb1 Bf4 36. Rd3 Ne5 37. Rd1 b6 38. Ne4 d5 39. Nf2 Bxh2 40.
Re1 Kf5 41. Rf1 Bf4 42. Nh3 Rxf6 43. Nf2 Re6 44. Nh3 Nc4 45. b3 Ne3 46. Re1 Ng2
47. Rg1 0-1

[Event "SWE-ch U20"]
[Site "Stockholm"]
[Date "2017.07.08"]
[Round "1"]
[White "Tuomainen, Felix"]
[Black "Rydstrom, Tom"]
[Result "1/2-1/2"]
[WhiteElo "2294"]
[BlackElo "2322"]
[PlyCount "154"]
[EventDate "2017.07.08"]
[EventType "swiss"]
[EventRounds "9"]
[EventCountry "SWE"]
[SourceTitle "EXT 2018"]
[Source "ChessBase"]
[SourceDate "2017.10.13"]
[SourceVersion "1"]
[SourceVersionDate "2017.10.13"]
[SourceQuality "1"]
1. d4 g6 2. Nf3 Bg7 3. e4 d6 4. Be2 Nd7 5. Be3 Ngf6 6. Nbd2 O-O 7. h3 e5 8.
dxe5 dxe5 9. O-O b6 10. c3 Bb7 11. Qc2 Qe7 12. Nh2 Nc5 13. Bf3 Rad8 14. Rfd1 h5
15. a4 a5 16. Nhf1 Nh7 17. b4 axb4 18. cxb4 Ne6 19. Qc4 Nhg5 20. h4 Nxf3+ 21.
Nxf3 Rxd1 22. Rxd1 Ra8 23. Ra1 Nd4 24. Bxd4 exd4 25. N1d2 c5 26. bxc5 bxc5 27.
Rc1 Bf8 28. Ng5 Qd7 29. Ra1 Ba6 30. Qa2 Bh6 31. Nc4 Bxc4 32. Qxc4 Bxg5 33. hxg5
Ra5 34. Qb3 Qe6 35. Qb8+ Kg7 36. Qc7 Ra8 37. Qxc5 Qxe4 38. a5 h4 39. Rd1 Rd8
40. Qb6 Qe7 41. Qb5 Qe6 42. a6 Qg4 43. Qe5+ Kg8 44. Rd3 Qd7 45. Qf6 Qd6 46.
Qxd6 Rxd6 47. a7 Ra6 48. Rxd4 Rxa7 49. Rxh4 Kg7 50. Rb4 f6 51. gxf6+ Kxf6 52.
Rb6+ Kg5 53. g3 Ra2 54. Kg2 Rc2 55. Re6 Kf5 56. Re3 g5 57. Rf3+ Kg6 58. g4 Rc6
59. Rf5 Rd6 60. Kf3 Re6 61. Ra5 Rf6+ 62. Ke3 Re6+ 63. Kd3 Rf6 64. Ke2 Re6+ 65.
Kf1 Rd6 66. f3 Re6 67. Kf2 Rd6 68. Ra4 Re6 69. Re4 Rc6 70. Ke2 Rb6 71. Rd4 Re6+
72. Kd2 Rc6 73. Ke3 Rb6 74. f4 gxf4+ 75. Kxf4 Rf6+ 76. Kg3 Rc6 77. Kf4 Rf6+
1/2-1/2

[Event "SWE-ch U20"]
[Site "Stockholm"]
[Date "2017.07.08"]
[Round "1"]
[White "Seo, Jung Min"]
[Black "Sorensen, Hampus"]
[Result "1-0"]
[WhiteElo "2270"]
[BlackElo "2137"]
[PlyCount "101"]
[EventDate "2017.07.08"]
[EventType "swiss"]
[EventRounds "9"]
[EventCountry "SWE"]
[SourceTitle "EXT 2018"]
[Source "ChessBase"]
[SourceDate "2017.10.13"]
[SourceVersion "1"]
[SourceVersionDate "2017.10.13"]
[SourceQuality "1"]
1. e4 e5 2. Nf3 Nc6 3. d4 exd4 4. Nxd4 Bc5 5. Nf5 d5 6. Nxg7+ Kf8 7. Nh5 Qh4 8.
Ng3 Nf6 9. Be2 Nxe4 10. Nxe4 dxe4 11. g3 Qf6 12. O-O Bh3 13. Qd5 Be7 14. Rd1 h5
15. Nc3 Rd8 16. Qxe4 Rxd1+ 17. Bxd1 Bf5 18. Qf4 Bd6 19. Ne4 Qe6 20. Nxd6 cxd6
21. Be3 Ne5 22. c3 h4 23. Bd4 hxg3 24. fxg3 Nd3 25. Qd2 Ne5 26. Bxe5 dxe5 27.
Qe3 Qh6 28. Qxh6+ Rxh6 29. Be2 Rb6 30. b3 Rc6 31. Rc1 Ke7 32. Kf2 Bh7 33. c4
Rd6 34. Rd1 a5 35. g4 Bc2 36. Rxd6 Kxd6 37. Ke3 Bb1 38. Kd2 Kc5 39. Kc3 Bh7 40.
h4 Kd6 41. a3 b6 42. b4 Kc6 43. Bd3 axb4+ 44. axb4 e4 45. Be2 f5 46. gxf5 Bxf5
47. Kd4 Kd6 48. h5 Bh7 49. Bf1 e3 50. Kxe3 Ke5 51. Bd3 1-0

[Event "SWE-ch U20"]
[Site "Stockholm"]
[Date "2017.07.08"]
[Round "1"]
[White "Kucuksari, Kaan"]
[Black "Storme, Isak"]
[Result "1-0"]
[WhiteElo "2301"]
[BlackElo "2129"]
[PlyCount "53"]
[EventDate "2017.07.08"]
[EventType "swiss"]
[EventRounds "9"]
[EventCountry "SWE"]
[SourceTitle "EXT 2018"]
[Source "ChessBase"]
[SourceDate "2017.10.13"]
[SourceVersion "1"]
[SourceVersionDate "2017.10.13"]
[SourceQuality "1"]
1. d4 Nf6 2. Nf3 e6 3. c4 c5 4. d5 exd5 5. cxd5 d6 6. Nc3 g6 7. Bf4 a6 8. a4
Bg7 9. h3 O-O 10. e3 Ne8 11. Be2 Nd7 12. O-O Qe7 13. Nd2 Ne5 14. Bg3 f5 15. a5
Bd7 16. Qb3 Nc7 17. Qxb7 Nb5 18. Nxb5 axb5 19. a6 Rab8 20. Qc7 g5 21. Bxe5 Bxe5
22. a7 Rbc8 23. Qb7 Ra8 24. Bxb5 Rfd8 25. Nc4 Qe8 26. Bxd7 Rxd7 27. Qc6 1-0

[Event "SWE-ch U20"]
[Site "Stockholm"]
[Date "2017.07.08"]
[Round "1"]
[White "Pantzar, Milton"]
[Black "Grueso Cordoba, Santiago"]
[Result "1-0"]
[WhiteElo "2313"]
[BlackElo "2108"]
[PlyCount "69"]
[EventDate "2017.07.08"]
[EventType "swiss"]
[EventRounds "9"]
[EventCountry "SWE"]
[SourceTitle "EXT 2018"]
[Source "ChessBase"]
[SourceDate "2017.10.13"]
[SourceVersion "1"]
[SourceVersionDate "2017.10.13"]
[SourceQuality "1"]
1. d4 Nf6 2. c4 g6 3. Nc3 Bg7 4. e4 d6 5. f3 O-O 6. Be3 c5 7. Nge2 Nc6 8. d5
Ne5 9. Ng3 e6 10. Be2 exd5 11. cxd5 a6 12. a4 Bd7 13. O-O b5 14. h3 Rb8 15.
axb5 axb5 16. f4 Nc4 17. Bxc4 bxc4 18. e5 Ne8 19. Qd2 Qc7 20. Nge4 Bf5 21. exd6
Nxd6 22. Nxc5 Qc8 23. Ra6 Nb5 24. Rc6 Qd8 25. Rd1 Bc8 26. d6 Na7 27. Rc7 Nb5
28. Re7 Bf6 29. Nd5 Bh4 30. Ne4 Be6 31. Nef6+ Kh8 32. Bd4 Nxd4 33. Qxd4 Bxd5
34. Nxd5+ Kg8 35. g3 1-0